GeoMeasurements by Pulsing TDR Cables and Probes (Record no. 533748)
[ view plain ]
| 000 -LEADER | |
|---|---|
| fixed length control field | 00352nam a22001337a 4500 |
| 020 ## - INTERNATIONAL STANDARD BOOK NUMBER | |
| International Standard Book Number | 978-0849305863 |
| 040 ## - CATALOGING SOURCE | |
| Transcribing agency | MSOHAIL |
| 082 ## - DEWEY DECIMAL CLASSIFICATION NUMBER | |
| Classification number | 624.151028 |
| Author Mark | OCO |
| 100 ## - MAIN ENTRY--PERSONAL NAME | |
| Personal name | Kevin M O'Connor ; Charles H |
| 9 (RLIN) | 27723 |
| 245 ## - TITLE STATEMENT | |
| Title | GeoMeasurements by Pulsing TDR Cables and Probes |
| 260 ## - PUBLICATION, DISTRIBUTION, ETC. | |
| Place of publication, distribution, etc. | India |
| Name of publisher, distributor, etc. | CRC Press; |
| Date of publication, distribution, etc. | c1999 |
| 300 ## - PHYSICAL DESCRIPTION | |
| Extent | 402;pxv |
| 942 ## - ADDED ENTRY ELEMENTS (KOHA) | |
| Source of classification or shelving scheme | |
| Koha item type | Book |
| Withdrawn status | Lost status | Source of classification or shelving scheme | Damaged status | Not for loan | Permanent Location | Current Location | Date acquired | Total Checkouts | Full call number | Barcode | Date last seen | Price effective from | Koha item type |
|---|---|---|---|---|---|---|---|---|---|---|---|---|---|
| School of Civil and Environmental Engineering (SCEE) | School of Civil and Environmental Engineering (SCEE) | 01/17/2020 | 624.151028 OCO | NIT-13054 | 01/17/2020 | 01/17/2020 | Book |
